What's so great about the Bible. (Record no. 3340)

000 -LEADER
fixed length control field 00578nam a2200181 a 4500
001 - CONTROL NUMBER
control field :::00001070$&:&@@
003 - CONTROL NUMBER IDENTIFIER
control field OkBaRHE
005 - DATE AND TIME OF LATEST TRANSACTION
control field 20000607103241.0
008 - FIXED-LENGTH DATA ELEMENTS--GENERAL INFORMATION
fixed length control field s1969 j 000 0 eng u
040 ## - CATALOGING SOURCE
Transcribing agency
100 1# - MAIN ENTRY--PERSONAL NAME
Personal name Hefley, James C.
245 10 - TITLE STATEMENT
Title What's so great about the Bible.
260 ## - PUBLICATION, DISTRIBUTION, ETC. (IMPRINT)
Place of publication, distribution, etc Elgin, IL., :
Name of publisher, distributor, etc D. C. Cook Publishing Co.
Date of publication, distribution, etc 1969
300 ## - PHYSICAL DESCRIPTION
Extent 95 p. : illus., ports. ;
Dimensions 18 cm.
650 ## - SUBJECT ADDED ENTRY--TOPICAL TERM
Topical term or geographic name as entry element Bible
General subdivision Criticism, Interpretation, etc.
942 ## - ADDED ENTRY ELEMENTS (KOHA)
Source of classification or shelving scheme
Koha item type Books
Copies
Not for loan Damaged status Source of classification or shelving scheme Lost status Shelving location Price effective from Date last seen Full call number Copy number Withdrawn status Koha item type Permanent Location Barcode Date acquired
    General Stacks2010-04-142010-04-14BS 530 .H441 BooksRHEMA Bible Training College10702010-04-14